Score 0/39 Timer 06:00
5 Plays Today
TV Show % Correct
Cheers
68.9%
The Sopranos
58.2%
M*A*S*H
57.4%
Mad Men
56.6%
30 Rock
50.5%
Game of Thrones
48.6%
All in the Family
41.6%
Veep
40.5%
The West Wing
32.5%
The Mary Tyler Moore Show
32.1%
The Handmaid's Tale
29.4%
Sex and the City
29%
The Marvelous Mrs. Maisel
28.6%
Stranger Things
22.8%
Barry
21.8%
Better Call Saul
19%
Taxi
18.4%
This Is Us
18%
Silicon Valley
17.6%
Unbreakable Kimmy Schmidt
16.3%
TV Show % Correct
Westworld
14.3%
The Larry Sanders Show
13.5%
St. Elsewhere
12.6%
Atlanta
11.8%
Master of None
10.7%
The Crown
8.5%
thirtysomething
6.2%
Lou Grant
5.5%
The Phil Silvers Show
2.6%
I Spy
2.3%
The Defenders
2.1%
Buffalo Bill
1.8%
I'll Fly Away
1.3%
Playhouse 90
1.1%
Mr. Peepers
0.8%
Pulitzer Prize Playhouse
0.7%
Naked City
0.7%
Alcoa Premiere
0.4%
The Dick Powell Show
0.4%

You're not logged in!

Compare scores with friends on all Sporcle quizzes.
OR
Log In

Sporcle TV

Today on Sporcle TV


Watch our educational content, quiz creation guides, and fun videos on Sporcle TV.

Show Comments

Extras

Top Quizzes Today


Score Distribution

Paid Content

Your Account Isn't Verified!

In order to create a playlist on Sporcle, you need to verify the email address you used during registration. Go to your Sporcle Settings to finish the process.

Report this User

Report this user for behavior that violates our Community Guidelines.

Details: